СВЕТЛОСТРУЙ | Юбилеен сборник на Светлоструй | Брод. Притурка към год.5 №6 (Запис номер 292558)
[ съкратено ]
| 000 -Лидер | |
|---|---|
| Контролно поле с фиксирана дължина | 01490nas a2200397 c 4500 |
| 001 - Контролен номер на записа | |
| Контролно поле | 292558 |
| 003 - Код на организацията, давaща контролен номер | |
| Контролно поле | BLK |
| 005 - Дата и час на последна редакция | |
| Контролно поле | 20241004100303.0 |
| 008 - Елементи от данни с фиксирана дължина | |
| fixed length control field | 180413b bul raner|||| |0| c1bulo| |
| 010 ## - Наследен системен номер | |
| LC control number | PRD00006042000 |
| 022 ## - Международен стандартен номер на серия ISSN | |
| Международният стандартен номер на серията ISSN | C612-5212 |
| 040 ## - Източник на каталожния запис | |
| Идентификатор на билиотеката - собственик на записа | BLK |
| 041 ## - Код за език | |
| Код за езика на текст/звукозапис или на отделно заглавие | Български |
| Код за езика КДБФ | Български |
| 080 ## - УДК | |
| Текстов определител УДК | Българска литература |
| УДК код - определител по УДК | 821.163.2 |
| УДК - код + определител | 821.163.2 |
| 110 1# - Редна дума - колетивен орган | |
| Редна дума - наименование на организация или юридическо лице | Орган на Щръклевското нар. ч-ще Възраждане |
| Авторска отговорност (Описва отношението между автора и произведението) | Ред. кол.: Д. Добрев |
| 9 (RLIN) | 358874 |
| 245 10 - Сведения за заглавието | |
| Заглавие | СВЕТЛОСТРУЙ |
| Подзаглавни данни | Лист за просвета, култура и лит. |
| Редно поле (дума) | Орган на Щръклевското нар. ч-ще Възраждане ; Ред. кол.: Д. Добрев |
| Дата на създаване на произведението | Начална год. на издаване: Год. 1, №1 (1928), |
| 245 10 - Сведения за заглавието | |
| Заглавие | Юбилеен сборник на Светлоструй |
| Дата на създаване на произведението | 1928-1933 |
| 245 10 - Сведения за заглавието | |
| Заглавие | Брод. Притурка към год.5 №6 |
| Дата на създаване на произведението | 1933 |
| 257 ## - Страна на издаване | |
| Страна на създаване/издаване | България |
| 260 ## - Област на издателските данни | |
| Име на издателя, разпространителя и проч. | Нар. ч-ще Възраждане |
| Година на издаване | 1928 |
| 300 ## - Физическа характеристика | |
| Размери/Мащаб | 40 |
| 310 ## - Текуща периодчност на изданието | |
| Срок за съхранение | срок за съхранение: 99 |
| 380 ## - Жанр | |
| Жанр | Литературознание |
| 852 ## - Местоположение | |
| Форматна сигнатура | В 311 |
| 852 ## - Местоположение | |
| Форматна сигнатура | К 821.163.2/С 25 |
| 856 ## - Електронен адрес и достъп | |
| Електронен формат | pdf - файл |
| Път до файла /url/ | |
| 856 ## - Електронен адрес и достъп | |
| Електронен формат | pdf - файл |
| Път до файла /url/ | |
| 942 ## - АРТИКУЛИ | |
| Вид на библиотечния материал | Вестници |
| Скрит в OPAC | Не |
| Периодичен библиозапис | Да |
| Koha issues (borrowed), all copies | 5 |
| 944 ## - СЪЗДАВАНЕ И РЕДАКЦИЯ на ЗАПИСА | |
| Създаване/Редакция | Създаване |
| Дата на регистрацията/редакция | Йордан_Досев |
| Служител, извършил регистрацията/редакцията | 30546 |
| Статус, дата на статуса | Ренета Константинова |
| 944 ## - СЪЗДАВАНЕ И РЕДАКЦИЯ на ЗАПИСА | |
| Създаване/Редакция | Редакция |
| Дата на регистрацията/редакция | Ваня_Йорданова |
| Служител, извършил регистрацията/редакцията | 08.10.2015 |
| 999 ## - СИСТЕМНИ КОНТРОЛНИ НОМЕРА | |
| Koha biblionumber | 292558 |
| Koha biblioitemnumber | 292558 |
| 999 ## - СИСТЕМНИ КОНТРОЛНИ НОМЕРА | |
| Koha biblioitemnumber | 292558 |
| 999 ## - СИСТЕМНИ КОНТРОЛНИ НОМЕРА | |
| Koha biblioitemnumber | 292558 |
| 999 ## - СИСТЕМНИ КОНТРОЛНИ НОМЕРА | |
| Koha biblioitemnumber | 292558 |
| 999 ## - СИСТЕМНИ КОНТРОЛНИ НОМЕРА | |
| Koha biblioitemnumber | 292558 |
| 999 ## - СИСТЕМНИ КОНТРОЛНИ НОМЕРА | |
| Koha biblioitemnumber | 292558 |
| Код за отписване | Код за изгубен артикул | Източник на класификационната схема | Код за повреда | Коз за рестрикции | Код за отдаване | Артикулен № | Име на библиотеката - собственик | Име на библиотеката, в която се намира в момента | Статус (Текущо местоположение) | Дата на вписване в системата | Местоположение - отдел | Цена в лева | Номерация (Хронология) | Инвентарен номер | Систематично азбучна сигнатура | Баркод | Номер на екземпляра | Цена в евро | Служебна бележка | Служебен тип на артикула | Бележка за публиката |
|---|---|---|---|---|---|---|---|---|---|---|---|---|---|---|---|---|---|---|---|---|---|
| Не е изгубен | Universal Decimal Classification | Не е повреден | без рестрикции | ползва се в читалня | 584471 | Регионална библиотека "Любен Каравелов" Русе | Регионална библиотека "Любен Каравелов" Русе | Краезнание | 1928-01-01 | Краезнание | 1.00 | Обхват на том: Юбил.бр. | 180632 | К 821.163.2/С 25 | 130000180632 | 1 | 0.51 | Дост: Dp, Вид: Д, N: стар фонд, Дата инв: 11.06.2014, Бележки инв: Цб2014 | Вестници | Год. на изд.: 1928-1933 | |
| Не е изгубен | Universal Decimal Classification | Не е повреден | без рестрикции | ползва се в читалня | 584472 | Регионална библиотека "Любен Каравелов" Русе | Регионална библиотека "Любен Каравелов" Русе | Хранилище | 1928-01-01 | Хранилище | 0.00 | Обхват на том: Юбил.бр. | 700093 | В 311 | 130000700093 | 2 | 0.00 | Дост: Dp, Вид: Д, N: стар фонд, Дата инв: 11.06.2014, Бележки инв: Цб2014 | Вестници | Год. на изд.: 1928-1933 | |
| Не е изгубен | Universal Decimal Classification | Не е повреден | без рестрикции | ползва се в читалня | 584473 | Регионална библиотека "Любен Каравелов" Русе | Регионална библиотека "Любен Каравелов" Русе | Краезнание | 1928-01-02 | Краезнание | 2.00 | Обхват на том: Юбил.бр. | 16041/67 | К 821.163.2/С 25 | 900000003314 | 3 | 1.02 | Дост: DA, Вид: А, N: стар фонд | Вестници | Год. на изд.: 1928-1933 | |
| Не е изгубен | Universal Decimal Classification | Не е повреден | без рестрикции | ползва се в читалня | 584474 | Регионална библиотека "Любен Каравелов" Русе | Регионална библиотека "Любен Каравелов" Русе | Краезнание | 1928-01-02 | Краезнание | 1.50 | Обхват на том: Юбил.бр. | 124683 | К 821.163.2/С 25 | 130000124683 | 4 | 0.77 | Дост: DA, Вид: А, N: стар фонд | Вестници | Год. на изд.: 1928-1933 | |
| Не е изгубен | Universal Decimal Classification | Не е повреден | без рестрикции | ползва се в читалня | 584475 | Регионална библиотека "Любен Каравелов" Русе | Регионална библиотека "Любен Каравелов" Русе | Хранилище | 1933-01-01 | Хранилище | 0.45 | Обхват на том: 6-Брод.Притурка | 180631 | В 311 | 130000180631 | 5 | 0.23 | Дост: Dp, Вид: Д, N: стар фонд, Годиш. инв.: 5, Дата инв: 11.06.2014, Бележки инв: Цб2014 | Вестници | Год. на изд.: 1933 | |
| Не е изгубен | Universal Decimal Classification | Не е повреден | без рестрикции | ползва се в читалня | 584476 | Регионална библиотека "Любен Каравелов" Русе | Регионална библиотека "Любен Каравелов" Русе | Хранилище | 1934-01-01 | Хранилище | 0.00 | Обхват на том: 8 | 700113 | В 311 | 130000700113 | 6 | 0.00 | Дост: Dp, Вид: Д, N: стар фонд, Годиш. инв.: 6, Дата инв: 11.06.2014, Бележки инв: Цб2014 | Вестници | Год. на изд.: 1934 |